000 00215nam a22001097a 4500
041 _aeng
080 _a54
090 _bMIL
100 _aMillard, E. B.
245 _aPhysical Chemistry for Colleges.
999 _c280250
_d280250
942 _cBK